Religious Interactions in Modern India/ (Record no. 172994)

MARC details
000 -LEADER
fixed length control field 00601nam a22001817a 4500
005 - DATE AND TIME OF LATEST TRANSACTION
control field 20200217130555.0
010 ## - LCCN (DPL NO)
LC control number ENG-127886
020 ## - INTERNATIONAL STANDARD BOOK NUMBER
Terms of availability 1295.00
International Standard Book Number 9780198081685
035 ## - SYSTEM CONTROL NUMBER
System control number EN-111418
037 ## - SOURCE OF ACQUISITION
Source of stock number/acquisition DBAD/PUB
082 ## - DEWEY DECIMAL CLASSIFICATION NUMBER
Classification number 200.954
245 ## - TITLE STATEMENT
Title Religious Interactions in Modern India/
Statement of responsibility, etc edited by Martin Fuchs [and] Vasudha Dalmia
260 ## - PUBLICATION, DISTRIBUTION, ETC. (IMPRINT)
Place of publication, distribution, etc New Delhi
Date of publication, distribution, etc 2019
Name of publisher, distributor, etc Oxford University Press
270 ## - ADDRESS
Address 2/11 Ground Floor,Ansari Road,Dariyaganj
Postal code 110002
City New Delhi
300 ## - PHYSICAL DESCRIPTION
Extent vi;438p.
Other physical details 23(hb)
500 ## - GENERAL NOTE
General note includes bibliographical references and index<br/>
942 ## - ADDED ENTRY ELEMENTS (KOHA)
Source of classification or shelving scheme Dewey Decimal Classification
Item type English Books
Classification part MAI
Call number prefix 200.954
Holdings
Withdrawn status Lost status Not for loan Collection code Home library Current library Date acquired Source of acquisition Cost, normal purchase price Full call number Barcode Copy number Cost, replacement price Koha item type
      Non-fiction Central Library Central Library 17/02/2020 DBAD/PUB 1295.00 MAI EN-111418 1 1295.00 English Books

© Delhi Public Library
Hit Counter
free hit counter